Detalles MARC
| 000 -LEADER |
| campo de control de longitud fija |
03015cam a22005294i 4500 |
| 003 - IDENTIFICADOR DE NÚMERO DE CONTROL |
| campo de control |
PE-LiUPU |
| 005 - FECHA Y HORA DE LA ÚLTIMA TRANSACCIÓN |
| campo de control |
20250731183438.0 |
| 008 - DATOS DE LONGITUD FIJA--INFORMACIÓN GENERAL |
| campo de control de longitud fija |
150706s2007 mx a rb 000 0 spa d |
| 020 ## - NÚMERO INTERNACIONAL ESTÁNDAR DEL LIBRO |
| Número Internacional Estándar del Libro |
9789682480829 |
| 035 ## - NÚMERO DE CONTROL DEL SISTEMA |
| Número de control de sistema |
(Sirsi) i9789682480829 |
| 040 ## - FUENTE DE CATALOGACIÓN |
| Centro catalogador/agencia de origen |
PE-LiUPU |
| Lengua de catalogación |
spa |
| Centro/agencia transcriptor |
PE-LiUPU |
| Normas de descripción |
rda |
| 049 ## - FONDOS LOCALES (OCLC) |
| Biblioteca depositaria |
PRUA |
| 082 04 - NÚMERO DE LA CLASIFICACIÓN DECIMAL DEWEY |
| Número de clasificación |
728.1 |
| Cutter |
C36 |
| Número de edición |
21 |
| 082 04 - NÚMERO DE LA CLASIFICACIÓN DECIMAL DEWEY |
| Número de clasificación |
728.0222 |
| Cutter |
C36 2007 |
| 100 1# - ENTRADA PRINCIPAL--NOMBRE DE PERSONA |
| Nombre de persona |
Ceballos Ruiz, Agustín M., |
| Término indicativo de función/relación |
autor. |
| 245 10 - MENCIÓN DEL TÍTULO |
| Título |
30 Planos de casas prototipo / |
| Mención de responsabilidad, etc. |
Aguistín M. Ceballos Ruiz. |
| 250 ## - MENCION DE EDICION |
| Mención de edición |
2a edición. |
| 264 #1 - PRODUCCIÓN, PUBLICACIÓN, DISTRIBUCIÓN, FABRICACIÓN Y COPYRIGHT |
| Producción, publicación, distribución, fabricación y copyright |
México, D.F. : |
| Nombre del de productor, editor, distribuidor, fabricante |
Trillas, |
| Fecha de producción, publicación, distribución, fabricación o copyright |
2007. |
| 300 ## - DESCRIPCIÓN FÍSICA |
| Extensión |
287 páginas : |
| Otras características físicas |
ilustraciones ; |
| Dimensiones |
27 centímetros |
| 336 ## - TIPO DE CONTENIDO |
| Término de tipo de contenido |
text |
| Fuente |
rdacontent |
| 337 ## - TIPO DE MEDIO |
| Nombre/término del tipo de medio |
unmediated |
| Fuente |
rdamedia |
| 338 ## - TIPO DE SOPORTE |
| Nombre/término del tipo de soporte |
volume |
| Fuente |
rdacarrier |
| 504 ## - NOTA DE BIBLIOGRAFÍA, ETC. |
| Nota de bibliografía, etc. |
Incluye bibliografía. |
| 505 0# - NOTA DE CONTENIDO CON FORMATO |
| Nota de contenido con formato |
Aspectos generales -- Proyectos menores de 70 m2. de construcción -- Proyectos de 70 hasta 100 m2 de construcción -- Proyectos de 100 hasta 130 m2 de construcción -- Proyectos de 130 hasta 175 m2 de construcción -- Proyectos de más de 175m2 de construcción. |
| 526 ## - NOTA DE INFORMACIÓN SOBRE EL PROGRAMA DE ESTUDIO |
| Nombre del programa |
Maestría Bim Facility Management (A distancia) |
| 526 ## - NOTA DE INFORMACIÓN SOBRE EL PROGRAMA DE ESTUDIO |
| Nombre del programa |
|
| 526 ## - NOTA DE INFORMACIÓN SOBRE EL PROGRAMA DE ESTUDIO |
| Nombre del programa |
Educación musical y artes |
| 526 ## - NOTA DE INFORMACIÓN SOBRE EL PROGRAMA DE ESTUDIO |
| Nombre del programa |
Educación, especialidad educación física |
| 526 ## - NOTA DE INFORMACIÓN SOBRE EL PROGRAMA DE ESTUDIO |
| Nombre del programa |
Arquitectura |
| 541 ## - NOTA DE FUENTE DE ADQUISICIÓN DIRECTA |
| -- |
015-001533; |
| 596 ## - |
| -- |
1 3 |
| 650 04 - PUNTO DE ACCESO ADICIONAL DE MATERIA--TÉRMINO DE MATERIA |
| Término de materia o nombre geográfico como elemento de entrada |
Arquitectura de la vivienda |
| Subdivisión de forma |
Diseño y planos. |
| 910 ## - DATOS DE OPCIÓN DEL USUARIO (OCLC) |
| -- |
ng |
| -- |
20120524 |
| 910 ## - DATOS DE OPCIÓN DEL USUARIO (OCLC) |
| -- |
tqv |
| -- |
welc |
| -- |
20170518 |
| 942 ## - ELEMENTOS DE ENTRADA SECUNDARIOS (KOHA) |
| Fuente del sistema de clasificación o colocación |
Clasificación Decimal Dewey |
| Tipo de ítem Koha |
|
| 949 ## - PROCESAMIENTO DE INFORMACIÓN LOCAL (OCLC) |
| a |
728.1 C36 |
| w |
DEWEY |
| c |
1 |
| i |
67259 |
| l |
CCODEBUL1 |
| m |
BUL |
| p |
42.00 |
| r |
0 |
| s |
Y |
| t |
BOOK |
| u |
2015-7-6 |
| x |
INGENIERIA |
| -- |
P25 |
| o |
.STAFF. Colección General |
| 949 ## - PROCESAMIENTO DE INFORMACIÓN LOCAL (OCLC) |
| a |
728.0222 C36 2008 |
| w |
DEWEY |
| c |
1 |
| i |
FJ07848 |
| l |
CCODEBUJ1 |
| m |
BUJ |
| p |
29.50 |
| r |
0 |
| s |
Y |
| t |
BOOK |
| u |
2017-05-18 |
| x |
INGENIERIA |
| -- |
P25 |
| 0 |
COMPRA |
| o |
.STAFF. Colección General Juliaca |
| 949 ## - PROCESAMIENTO DE INFORMACIÓN LOCAL (OCLC) |
| a |
728.0222 C36 2007 |
| w |
DEWEY |
| c |
1 |
| i |
FJ08706 |
| l |
CCODEBUJ1 |
| m |
BUJ |
| p |
29.50 |
| r |
0 |
| s |
Y |
| t |
BOOK |
| u |
2017-09-05 |
| x |
INGENIERIA |
| -- |
P25 |
| 0 |
COMPRA |
| o |
.STAFF. Colección General Juliaca |
| 949 ## - PROCESAMIENTO DE INFORMACIÓN LOCAL (OCLC) |
| a |
728.0222 C36 2007 |
| w |
DEWEY |
| c |
1 |
| i |
FJ08707 |
| l |
CCODEBUJ1 |
| m |
BUJ |
| p |
29.50 |
| r |
0 |
| s |
Y |
| t |
BOOK |
| u |
2017-09-05 |
| x |
INGENIERIA |
| -- |
P25 |
| 0 |
COMPRA |
| o |
.STAFF. Colección General Juliaca |
| 994 ## - |
| -- |
C0 |
| -- |
PEPRU |
| 999 ## - NÚMEROS DE CONTROL DE SISTEMA (KOHA) |
| -- |
DEWEY |
| -- |
67259 |
| -- |
2019-9-16 |
| -- |
2021-11-30 |
| -- |
7 |
| -- |
CCODEBUL1 |
| -- |
BUL |
| -- |
38 |
| -- |
42.00 |
| -- |
6 |
| -- |
0 |
| -- |
Y |
| -- |
BOOK |
| -- |
2015-7-6 |
| -- |
INGENIERIA |
| -- |
P25 |
| -- |
COMPRA |
| -- |
.STAFF. Colección Ingeniería y Arquitectura |
| 999 ## - NÚMEROS DE CONTROL DE SISTEMA (KOHA) |
| -- |
DEWEY |
| -- |
FJ07848 |
| -- |
2019-4-26 |
| -- |
2022-2-1 |
| -- |
3 |
| -- |
CCODEBUJ1 |
| -- |
BUJ |
| -- |
12 |
| -- |
29.50 |
| -- |
10 |
| -- |
0 |
| -- |
Y |
| -- |
BOOK |
| -- |
2017-5-18 |
| -- |
INGENIERIA |
| -- |
P25 |
| -- |
COMPRA |
| -- |
.STAFF. Colección General Juliaca |
| 999 ## - NÚMEROS DE CONTROL DE SISTEMA (KOHA) |
| -- |
DEWEY |
| -- |
FJ08706 |
| -- |
2018-8-15 |
| -- |
2022-2-1 |
| -- |
3 |
| -- |
CCODEBUJ1 |
| -- |
BUJ |
| -- |
4 |
| -- |
29.50 |
| -- |
5 |
| -- |
0 |
| -- |
Y |
| -- |
BOOK |
| -- |
2017-9-5 |
| -- |
INGENIERIA |
| -- |
P25 |
| -- |
COMPRA |
| -- |
.STAFF. Colección General Juliaca |
| 999 ## - NÚMEROS DE CONTROL DE SISTEMA (KOHA) |
| -- |
DEWEY |
| -- |
FJ08707 |
| -- |
2019-5-3 |
| -- |
2022-2-1 |
| -- |
3 |
| -- |
CCODEBUJ1 |
| -- |
BUJ |
| -- |
6 |
| -- |
29.50 |
| -- |
6 |
| -- |
0 |
| -- |
Y |
| -- |
BOOK |
| -- |
2017-9-5 |
| -- |
INGENIERIA |
| -- |
P25 |
| -- |
COMPRA |
| -- |
.STAFF. Colección General Juliaca |
| 980 ## - EQUIVALENCIA O REFERENCIA-CRUZADA-MENCIÓN DE SERIE--NOMBRE DE PERSONA/TÍTULO [LOCAL, CANADÁ] |
| ID del último usuario que modificó el registro |
1 |
| Nombre del último usuario que modificó el registro |
ALBERTO SANCHEZ Responsable de Automatización |